Tänä päivänä Suomen historiassa - marraskuu - Statistics

Yleistilastot
  • Tätä visaa on pelattu 86 kertaa
    77 viimeisimmän päivityksen jälkeen
  • Keskiarvotulos 13 / 30
Vastaustilastot
Päivämäärä Vuosi Vihje Vastaus % Oikein
1.11. 1998 Tämä urheilija voittaa Formula 1-luokan maailmanmestaruuden Mika Häkkinen
93%
11.11. 1956 Tämä Suomen presidentti haudataan Risto Ryti
77%
12.11. 2010 Tämän TV-sarjan 2000. jakso esitetään Salatut elämät
74%
24.11. 2006 Tämä mm. kappaleista Syksyn sävel ja Viidestoista yö tunnettu laulaja-lauluntekijä kuolee Juice Leskinen
68%
7.11. 2007 Yhdeksän ihmistä saa surmansa ampumavälikohtauksessa tässä koulukeskuksessa Jokela
67%
16.11. 1889 Tämän lehden näytenumero julkaistaan nimellä "Päivälehti" Helsingin Sanomat
64%
26.11. 1939 Neuvostoliitto lavastaa tämän välikohtauksen Mainilan laukaukset
59%
29.11. 1992 Uusi suomennos tästä kirjasta otetaan käyttöön Raamattu
59%
19.11. 1904 Tämän yhtiön kahvinpaahtimo aloittaa tomintansa ensimmäisenä Pohjoismaissa Paulig
58%
13.11. 1995 Yli-Iistä löydetään asuinpaikka tältä aikakaudelta Kivikausi
57%
10.11. 1939 Tälle kirjailijalle myönnetään Nobelin kirjallisuuspalkinto F.E. Sillanpää
54%
4.11. 1899 Tämä Sibeliuksen sävelruno saa kantaesityksensä Helsingissä Finlandia
54%
17.11. 1775 Kustaa III antaa määräyksen tämän kaupungin perustamiseksi Savo-Karjalan lääniin Kuopio
52%
18.11. 2017 Tämän julkisen liikenteen väylän ensimmäinen vaihe otetaan käyttöön Helsingissä ja Espoossa Länsimetro
43%
2.11. 1882 Tämän kaupungin keskusta tuhoutuu suurpalossa Oulu
42%
23.11. 1944 Tämä maanpuolustusjärjestö lakkautetaan Lotta Svärd
41%
3.11. 1997 Tämä Suomen ainoa kristillinen kaupallinen radiokanava perustetaan Radio Dei
39%
22.11. 1959 Tämä myöhemmin Pikku Kakkosesta tuttu nukkeanimaatio saa ensiesityksensä Itä-Saksassa Nukkumatti
38%
14.11. 1920 Tämän urheilulajin ensimmäinen ottelu pelataan Helsingissä Pesäpallo
36%
20.11. 1914 Ylioppilasaktivistit perustavat tämän liikkeen sotilaskoulutuksen saamiseksi Jääkäriliike
30%
21.11. 1948 Nämä sotasyyllisinä tuomitut entiset pääministerit vapautuvat vankilasta (mainitse toinen) Edwin Linkomies ja Väinö Tanner
29%
25.11. 1968 Ylioppilaat valtaavat tämän rakennuksen Vanha ylioppilastalo
29%
8.11. 1863 Tämä Koli-aiheisista teoksistaan tunnettu taidemaalari syntyy Eero Järnefelt
26%
15.11. 1992 Tämä puolue hakeutuu konkurssiin SKP
25%
30.11. 1495 Tämä perimätiedon mukainen tapahtuma pelästyttää venäläisten armeijan pakoon Viipurista Viipurin pamaus
20%
28.11. 1998 Tämä matkailukohde avataan Rovaniemellä Santa Park
19%
5.11. 1941 Tämä aseistakieltäytyjä teloitetaan Arndt Pekurinen
17%
27.11. 2001 Tämä saamelaiskulttuurin edistäjä kuolee Nils-Aslak Valkeapää
16%
6.11. 1905 Tämä venäläistämistoimia vastustanut tapahtuma päättyi Suurlakko
13%
9.11. 1956 Tämän ohjaajan elokuva Juha saa ensiesityksensä Suomen ensimmäisenä värielokuvana Toivo Särkkä
9%
Ehtoja vastaavia visoja ei löytynyt
Tulosjakauma
Jokaisen tuloksen saaneiden osuus
Persentiili vastausten määrän mukaan
Tuloshistoriasi
Et ole pelannut tätä visaa sen viimeisimmän päivityksen jälkeen